| 000 | 00385cam a22001337a 4500 | ||
|---|---|---|---|
| 008 | 180718b1996 xxu||||| |||| 00| 0 eng d | ||
| 082 | _aABx54 K899 | ||
| 245 | _aNew beginnings: raja yoga | ||
| 260 |
_aRajasthan _bBrahma Kumaris Ishwariya Vishwa Vidyalaya _c1996 |
||
| 300 | _a185p. | ||
| 650 | _aThe spritual Revolution | ||
| 650 | _aThe wheel of life | ||
| 650 | _aSoul- Consciousness | ||
| 999 |
_c493763 _d493763 |
||